|
|
|
|
| LEADER |
00000nab a2200000 a 4500 |
| 001 |
vtls008827303 |
| 003 |
SK-MaSNL |
| 005 |
20260422094357.0 |
| 008 |
141006c2005 xo qr|p|||||||000 b|slo |
| 015 |
|
|
|a SNBRB2006/06
|2 snkbucl
|
| 038 |
|
|
|a SNKBUCL
|
| 040 |
|
|
|a SNKBUCL
|b slo
|c SNKBUCL
|e AACR2
|
| 041 |
0 |
|
|a slo
|
| 044 |
|
|
|a xo
|c SK
|
| 080 |
|
|
|a 235.3
|2 1997
|
| 080 |
|
|
|a 929 Costa Mária da, Alexandrina, bl.
|2 1997
|
| 100 |
1 |
|
|a Malý, Vincent,
|d 1922-2008
|4 aut
|9 102577
|
| 245 |
1 |
0 |
|a Blahorečenia v roku 2004
|c Vincent Malý
|
| 600 |
1 |
7 |
|a Costa, Alexandrina Maria da,
|c blahoslavená,
|d 1904-1955
|2 snkbucl
|9 164675
|
| 773 |
0 |
|
|t Liturgia
|g Roč. XV, č. 1 (57) (2005), s. 74--76
|x 1210-0676
|
| 852 |
|
|
|a SNK
|b KIS3GCP
|
| 958 |
|
|
|a BC
|
| 958 |
|
|
|a NT
|
| 999 |
|
|
|c 1741574
|d 1743504
|